Sonic Characters By Picture - Statistics

General Stats
  • This quiz has been taken 965 times
  • The average score is 24 of 34
Answer Stats
Picture Answer % Correct
Sonic the Hedgehog
100%
Miles "Tails" Prower
99%
Shadow the Hedgehog
98%
Amy Rose
97%
Dr. Eggman
97%
Knuckles the Echidna
97%
Metal Sonic
94%
Rouge the Bat
92%
Big the Cat
88%
Silver the Hedgehog
87%
Cream the Rabbit
86%
Blaze the Cat
83%
Espio the Chameleon
83%
Vector the Crocodile
83%
Charmy Bee
78%
Jet the Hawk
72%
E-123 Omega
70%
Maria Robotnik
69%
Chaos
68%
Cheese the Chao
68%
Gerald Robotnik
61%
Sticks
60%
Tikal
60%
Cubot
56%
Mephiles
56%
Orbot
56%
Chip
52%
E-102 Gamma
52%
Black Doom
51%
Elise
51%
Sage
47%
Zavok
47%
Emerl
46%
Professor Pickle
35%
No matching quizzes found
Score Distribution
Percent of People with Each Score
Percentile by Number Answered
Your Score History
You have not taken this quiz